000 00826nam a2200229Ii 4500
003 JO-AjNU
008 230605s9999||||xx |||||||||||||| ||und||
017 _a2443/7/2010
020 _a978-9957-479-54-1
040 _aJO-AjNU
_bara
_erda
_cJO-AjNU
041 _aara
050 1 4 _aLC507.J67.M554.2011
100 3 _aملحم، احمد سليم,
_eauthor
_964166
245 0 0 _aالمدارس الاجنبية بين الاثراء والاستلاب
250 _aط1
264 3 1 _aعمان: دار الاعلام للنشر والتوزيع، 2011
300 _a394ص
_bيحتوي على جداول توضيحية
336 _atext
_btxt
_2rdacontent
337 _aunmediated
_bn
_2rdamedia
338 _avolume
_bnc
_2rdacarrier
650 4 _aالمدارس الاجنبية-اللغات-دراسة وتعليم
_964167
999 _aA29144
_c32712
_d32712